| 000 | 01373nam a2200277Ia 4500 | ||
|---|---|---|---|
| 999 |
_c52984 _d52984 |
||
| 001 | 20015 | ||
| 003 | GE_BSU | ||
| 005 | 20250414122221.0 | ||
| 008 | 181216s2014||||ge |||||||||||||| ||geo|| | ||
| 020 | _a978-9941-21-583-4 | ||
| 040 | _cGE_BSU | ||
| 041 | _ageo | ||
| 080 | _a821.353.1-31 ჯ-14 | ||
| 100 |
_aჯავახიშვილი, მ. (მიხეილ, 1880-1937) _918780 |
||
| 245 |
_aჯაყოს ხიზნები ; თეთრი საყელო : _bრომანები / _cმიხეილ ჯავახიშვილი ; რედ. სალომე ნიკოლეიშვილი ; [წინათქმა ზვიად დოლიძე]. |
||
| 264 |
_aთბილისი : _bპალიტრა L, _c2014. |
||
| 300 |
_a395 გვ. ; _c22 სმ. |
||
| 490 |
_aკიდევ 49 წიგნი, რომელიც უნდა წაიკითხო, სანამ ცოცხალი ხარ, 2298-0849 ; _vწ. 29 |
||
| 541 | _h12 ლ. | ||
| 653 | _aრომანი | ||
| 653 | _aჯაყოს ხიზნები | ||
| 653 | _aთეთრი საყელო | ||
| 700 |
_aდოლიძე, ზვიად, _eწინათქმა _924784 |
||
| 700 |
_aნიკოლეიშვილი, სალომე _eრედაქტორი _924785 |
||
| 942 |
_cBK _2udc |
||